000 00284nam a2200121Ia 4500
008 190216s9999||||xx |||||||||||||| ||und||
100 _aKurup Kg
245 0 _aDelhi Muthal Helcinki Verre
260 _bCurrent Books
_c1987
300 _a144p
650 _aIndian History
942 _cBK
999 _c18590
_d18590